Vista normal Vista MARC

Entrada Nombre personal

Número de registros utilizados en: 1

001 - NÚMERO DE CONTROL

  • campo de control: 238775

003 - IDENTIFICADOR DE NÚMERO DE CONTROL

  • campo de control: ES-MaACL

005 - FECHA Y HORA DE LA ÚLTIMA TRANSACCIÓN

  • campo de control: 20240919193643.0

008 - ELEMENTOS DE DATO DE LONGITUD-FIJA

  • campo de control de longitud fija: 240919|| aca||aabn | a|a d

040 ## - FUENTE DE CATALOGACIÓN

  • Centro catalogador/agencia de origen: ES-MaACL
  • Centro/agencia transcriptor: ES-MaACL

100 ## - ENCABEZAMIENTO-NOMBRE DE PERSONA

  • Nombre de persona: Guérit, Jean-Michel

670 ## - FUENTE DE DATOS ENCONTRADOS

  • Cita de la fuente: Work cat.: (ES-MaACL)196361: (IdRef)030916488 http://www.idref.fr/030916488/id Guérit, Jean-Michel. aut., Les potentiels évoqués /, 1993